[Event "XIV Memorial Edoardo Crespi"]
[Site "Milano ITA"]
[Date "1993.12.??"]
[Round "1"]
[White "Braunberger, Federico"]
[Black "Cappello, Guido"]
[WhiteElo "2028"]
[BlackElo "2285"]
[Result "0-1"]
[PlyCount "110"]
[EventDate "1993.12.06"]

1. c4 c5 2. Nc3 Nc6 3. g3 g6 4. Bg2 Bg7 5. Nf3 d6 6. d3 Bg4 7. Bd2 Rb8 8. a3 a6
9. Rc1 Nd4 10. Nxd4 cxd4 11. Nb1 Nf6 12. b4 O-O 13. h3 Bd7 14. O-O Qe8 15. Bg5
h6 16. Bxf6 Bxf6 17. Nd2 Bg7 18. Qb3 Kh7 19. Ra1 f5 20. f4 e5 21. Qd1 g5 22.
fxg5 hxg5 23. Rc1 g4 24. hxg4 Bh6 25. g5 Bxg5 26. Rf3 Bc6 27. c5 Bxf3 28. Bxf3
d5 29. Bxd5 Qh5 30. Kg2 Kg7 31. Nf3 Bxc1 32. Qxc1 f4 33. Qh1 Qxh1+ 34. Kxh1
fxg3 35. Kg2 Kf6 36. Kxg3 Rfd8 37. Be4 Rg8+ 38. Kf2 Rg7 39. Nd2 Kg5 40. e3
dxe3+ 41. Kxe3 Kf6 42. Nc4 Ke6 43. Kd2 Rg5 44. Kc3 Rg3 45. Nb6 Rd8 46. Kc2 Rg7
47. a4 a5 48. b5 Rc7 49. c6 bxc6 50. bxc6 Rd6 51. Nc4 Rdxc6 52. Bxc6 Rxc6 53.
Kb3 Rc5 54. Nd2 Kd5 55. Ne4 Rc6 0-1

[Event "XIV Memorial Edoardo Crespi"]
[Site "Milano ITA"]
[Date "1993.12.??"]
[Round "1"]
[White "Contini, Luca"]
[Black "Capece, Adolivio"]
[WhiteElo "2320"]
[BlackElo "2205"]
[Result "1-0"]
[PlyCount "73"]
[EventDate "1993.12.06"]

1. d4 Nf6 2. Nf3 c5 3. d5 b5 4. Bg5 Qb6 5. Bxf6 Qxf6 6. c3 Bb7 7. e4 a6 8. Nbd2
g5 9. h3 Bg7 10. Be2 O-O 11. Qb3 e6 12. O-O Qe7 13. Rfe1 Ra7 14. a4 b4 15. cxb4
cxb4 16. Rac1 Ba8 17. Rc2 h6 18. Bf1 a5 19. Qe3 d6 20. dxe6 fxe6 21. Bc4 Nc6
22. Nb3 Rc7 23. Nbd4 Nxd4 24. Nxd4 Bxd4 25. Qxd4 Kh7 26. Rec1 e5 27. Qb6 Rc5
28. Bd5 Bxd5 29. Rxc5 dxc5 30. exd5 Qf7 31. Qxc5 h5 32. d6 g4 33. hxg4 hxg4 34.
Qe3 Kg6 35. Rc7 Qa2 36. Qxe5 Qb1+ 37. Kh2 1-0

[Event "XIV Memorial Edoardo Crespi"]
[Site "Milano ITA"]
[Date "1993.12.??"]
[Round "1"]
[White "Gazzarri, Alberto"]
[Black "Marzano, Carlo"]
[WhiteElo "1984"]
[BlackElo "2235"]
[Result "1-0"]
[PlyCount "83"]
[EventDate "1993.12.06"]

1. d4 d6 2. Nf3 Nc6 3. Bf4 Nf6 4. h3 g6 5. c3 Bg7 6. e3 O-O 7. Be2 Qe8 8. O-O
e5 9. Bh2 Qe7 10. Nbd2 e4 11. Ne1 h5 12. Nc2 Bh6 13. Kh1 Kh8 14. f3 Bf5 15.
fxe4 Bxe4 16. Nxe4 Nxe4 17. Qd3 f5 18. a3 a6 19. Bf3 Rae8 20. Rae1 Qh4 21. Kg1
g5 22. Bxe4 fxe4 23. Qc4 g4 24. Rxf8+ Rxf8 25. Qe6 Qf2+ 26. Kh1 Bg7 27. Qxe4 g3
28. Bg1 Qd2 29. Qg6 h4 30. Qh5+ Kg8 31. Qd5+ Kh7 32. Qh5+ Bh6 33. e4 Qxc3 34.
Be3 Rf6 35. Bxh6 Rxh6 36. Qf7+ Kh8 37. Qf8+ Kh7 38. Rf1 Nd8 39. Qe7+ Kg6 40.
Rf6+ Kh5 41. Rf5+ Kg6 42. Rg5# 1-0

[Event "XIV Memorial Edoardo Crespi"]
[Site "Milano ITA"]
[Date "1993.12.??"]
[Round "1"]
[White "Iudicello, Giovanni"]
[Black "Misiano, Franco"]
[WhiteElo "2118"]
[BlackElo "1900"]
[Result "0-1"]
[PlyCount "74"]
[EventDate "1993.12.06"]

1. Nf3 d5 2. g3 Nf6 3. Bg2 e6 4. O-O Be7 5. d3 O-O 6. Nbd2 c5 7. e4 Nc6 8. Qe2
b5 9. a4 b4 10. b3 a5 11. Bb2 Ba6 12. Ne5 Nxe5 13. Bxe5 Rc8 14. Rad1 Ne8 15.
exd5 exd5 16. Rfe1 Bf6 17. Qf3 Bb7 18. Qf5 Rc6 19. Nf3 Bc8 20. Qf4 Be6 21. h4
Qc8 22. h5 h6 23. Bxf6 Nxf6 24. Ne5 Rc7 25. Bf3 Re8 26. Re2 Nh7 27. Rde1 Ng5
28. Bg2 Rce7 29. Nf3 Nh7 30. Bh3 Qd7 31. Ne5 Qb7 32. Bxe6 Rxe6 33. Re3 Ng5 34.
Kg2 d4+ 35. Re4 Rxe5 36. f3 Nxe4 37. fxe4 Rg5 0-1

[Event "XIV Memorial Edoardo Crespi"]
[Site "Milano ITA"]
[Date "1993.12.??"]
[Round "1"]
[White "Iudicello, Massimo"]
[Black "D'Apa, Stefano"]
[WhiteElo "1943"]
[BlackElo "2225"]
[Result "0-1"]
[PlyCount "82"]
[EventDate "1993.12.06"]

1. e4 e6 2. d3 d5 3. Nd2 Nf6 4. g3 dxe4 5. dxe4 Nc6 6. Bg2 e5 7. Ngf3 Bc5 8.
O-O O-O 9. c3 a5 10. Qc2 b6 11. Nb3 Bd6 12. Bg5 h6 13. Bxf6 Qxf6 14. Rfe1 Be6
15. Qe2 a4 16. Nbd2 Na5 17. Nh4 Rfe8 18. Nf5 Bf8 19. Ne3 c6 20. Reb1 Nb7 21. b4
b5 22. a3 Red8 23. c4 bxc4 24. Nexc4 Rd4 25. Nb6 Rad8 26. Nf3 Bg4 27. Rd1 c5
28. Nd5 Qg6 29. Rxd4 exd4 30. h3 Be6 31. Nf4 Qf6 32. e5 Qe7 33. Nxe6 fxe6 34.
Qc4 Qd7 35. Ne1 cxb4 36. axb4 Rc8 37. Qa6 Rc7 38. Qxa4 Qxa4 39. Rxa4 Rc1 40.
Ra7 Rxe1+ 41. Kh2 Rxe5 0-1

[Event "XIV Memorial Edoardo Crespi"]
[Site "Milano ITA"]
[Date "1993.12.??"]
[Round "1"]
[White "Radovanovic, Jovica"]
[Black "Rizzuti, Pasquale"]
[WhiteElo "2230"]
[BlackElo "1882"]
[Result "1-0"]
[PlyCount "67"]
[EventDate "1993.12.06"]

1. e4 c5 2. Nf3 d6 3. d4 cxd4 4. Nxd4 Nf6 5. Nc3 a6 6. Be2 e5 7. Nb3 Be6 8. O-O
Be7 9. a4 b6 10. f4 Qc7 11. Qd3 exf4 12. Bxf4 O-O 13. Rad1 Rd8 14. Kh1 Nc6 15.
Qg3 Kh8 16. Nd4 Ne5 17. Bc1 Qb7 18. Bg5 h6 19. Bxf6 gxf6 20. Nxe6 fxe6 21. Qh3
Kg7 22. Qxe6 Qd7 23. Qb3 Rdb8 24. Nd5 Bd8 25. Qg3+ Kh8 26. Nxf6 Qg7 27. Qxg7+
Kxg7 28. Nh5+ Kg6 29. Rxd6+ Kh7 30. Re6 Ng6 31. Rf7+ Kg8 32. Rg7+ Kf8 33. Rexg6
Bg5 34. Bc4 1-0

[Event "XIV Memorial Edoardo Crespi"]
[Site "Milano ITA"]
[Date "1993.12.??"]
[Round "1"]
[White "Tortarolo, Massimiliano"]
[Black "Sbarra, Marco"]
[WhiteElo "2250"]
[BlackElo "2005"]
[Result "1-0"]
[PlyCount "61"]
[EventDate "1993.12.06"]

1. e4 e5 2. Bc4 Nf6 3. d3 Bc5 4. Nf3 d6 5. Nc3 c6 6. Be3 Bxe3 7. fxe3 b5 8. Bb3
Nbd7 9. a3 O-O 10. O-O Nc5 11. Ba2 Be6 12. Bxe6 fxe6 13. b4 Ncd7 14. d4 Qb6 15.
Kh1 Rad8 16. Qd3 Rfe8 17. a4 bxa4 18. Nxa4 Qc7 19. c4 c5 20. dxc5 dxc5 21. b5
Qb7 22. Nc3 Nb6 23. Qe2 Nxe4 24. Nxe4 Qxe4 25. Rxa7 Qxc4 26. Qxc4 Nxc4 27. Rc1
Nxe3 28. b6 e4 29. Ne5 Rb8 30. b7 Re7 31. Rxc5 1-0

[Event "XIV Memorial Edoardo Crespi"]
[Site "Milano ITA"]
[Date "1993.12.??"]
[Round "1"]
[White "Vegetti, Emilio"]
[Black "Zanetti, Alberto"]
[WhiteElo "1870"]
[BlackElo "2082"]
[Result "0-1"]
[PlyCount "102"]
[EventDate "1993.12.06"]

1. e4 c5 2. c3 e6 3. d4 d5 4. e5 Nc6 5. Nf3 Qb6 6. a3 c4 7. Nbd2 Na5 8. Rb1 Bd7
9. Be2 h6 10. O-O O-O-O 11. h3 Ne7 12. Nh2 f6 13. f4 Nf5 14. Rf3 h5 15. Nhf1
fxe5 16. fxe5 g6 17. Ne3 Be7 18. Ndf1 Rdf8 19. Nxf5 gxf5 20. Rg3 h4 21. Rg7 Qd8
22. Bf4 Rfg8 23. Rxg8 Rxg8 24. Bf3 Nb3 25. Nd2 Ba4 26. Qe2 Nxd2 27. Qxd2 Bg5
28. Bxg5 Rxg5 29. Qf4 Bc2 30. Rc1 Bd3 31. Rd1 Qe7 32. Rd2 Rg7 33. Rf2 Kd7 34.
Rd2 Qg5 35. Qxg5 Rxg5 36. Kf2 Kc6 37. Be2 Be4 38. Bf3 Rg3 39. Bxe4 dxe4 40. Re2
Kd5 41. Re3 Rg6 42. Re2 f4 43. Rc2 Rg3 44. Re2 e3+ 45. Kf1 a5 46. Re1 a4 47.
Re2 Ke4 48. Ke1 Kd3 49. Kd1 f3 50. gxf3 Rg1+ 51. Re1 e2+ 0-1

[Event "XIV Memorial Edoardo Crespi"]
[Site "Milano ITA"]
[Date "1993.12.??"]
[Round "2"]
[White "Capece, Adolivio"]
[Black "Iudicello, Massimo"]
[WhiteElo "2205"]
[BlackElo "1943"]
[Result "0-1"]
[PlyCount "46"]
[EventDate "1993.12.06"]

1. c4 e5 2. Nc3 Nf6 3. g3 Nc6 4. Bg2 Bb4 5. Nd5 Bc5 6. d3 O-O 7. a3 d6 8. e3
Nxd5 9. cxd5 Ne7 10. Ne2 Bd7 11. O-O Qc8 12. b4 Bb6 13. Bb2 Bh3 14. e4 Ng6 15.
d4 Bxg2 16. Kxg2 f5 17. dxe5 dxe5 18. Nc3 f4 19. f3 Rf6 20. g4 h5 21. g5 Nh4+
22. Kh1 Qh3 23. Qe2 Rg6 0-1

[Event "XIV Memorial Edoardo Crespi"]
[Site "Milano ITA"]
[Date "1993.12.??"]
[Round "2"]
[White "Cappello, Guido"]
[Black "Radovanovic, Jovica"]
[WhiteElo "2285"]
[BlackElo "2230"]
[Result "1/2-1/2"]
[PlyCount "73"]
[EventDate "1993.12.06"]

1. e4 c5 2. Nf3 d6 3. d4 cxd4 4. Nxd4 Nf6 5. Nc3 Nc6 6. Bc4 e6 7. Be3 a6 8. Bb3
Qc7 9. f3 Na5 10. Qe2 Be7 11. g4 Nxb3 12. axb3 O-O 13. g5 Nd7 14. h4 Rb8 15. h5
b5 16. g6 Nc5 17. gxh7+ Kh8 18. Kf2 b4 19. Na4 e5 20. Nxc5 exd4 21. Bxd4 dxc5
22. h6 cxd4 23. hxg7+ Kxg7 24. h8=Q+ Rxh8 25. Rag1+ Bg4 26. Rxg4+ Kf6 27. e5+
Ke6 28. Rxh8 Rxh8 29. Qxa6+ Kd7 30. Qa4+ Ke6 31. Qa6+ Kxe5 32. Qd3 Ke6 33. Re4+
Kd7 34. Qxd4+ Bd6 35. Qxh8 Qxc2+ 36. Kf1 Qd1+ 37. Kg2 1/2-1/2

[Event "XIV Memorial Edoardo Crespi"]
[Site "Milano ITA"]
[Date "1993.12.??"]
[Round "2"]
[White "D'Apa, Stefano"]
[Black "Contini, Luca"]
[WhiteElo "2225"]
[BlackElo "2320"]
[Result "0-1"]
[PlyCount "74"]
[EventDate "1993.12.06"]

1. d4 Nf6 2. Nf3 c5 3. c3 e6 4. Bg5 h6 5. Bh4 cxd4 6. Nxd4 Be7 7. e3 Nc6 8. Be2
d5 9. Nd2 e5 10. N4b3 O-O 11. O-O Qb6 12. Bxf6 Bxf6 13. Bg4 Rd8 14. Qe2 Bxg4
15. Qxg4 a5 16. c4 d4 17. c5 Qa6 18. Ne4 Be7 19. exd4 a4 20. Nbd2 Nxd4 21. Qh5
f5 22. Nd6 Bxd6 23. cxd6 Rxd6 24. Nf3 Nxf3+ 25. Qxf3 Rf8 26. Rad1 e4 27. Rxd6
Qxd6 28. Rd1 Qb4 29. Qe2 f4 30. Qd2 Qc4 31. a3 Qe6 32. Re1 Rf5 33. Qb4 Re5 34.
Qxb7 Kh7 35. Kh1 f3 36. g3 Qh3 37. Rg1 Qxh2+ 0-1

[Event "XIV Memorial Edoardo Crespi"]
[Site "Milano ITA"]
[Date "1993.12.??"]
[Round "2"]
[White "Iudicello, Marco"]
[Black "Vegetti, Emilio"]
[WhiteElo "2025"]
[BlackElo "1870"]
[Result "1-0"]
[PlyCount "72"]
[EventDate "1993.12.06"]

1. e4 d6 2. d3 g6 3. Nc3 Bg7 4. Be3 Nf6 5. Be2 c5 6. Qd2 h6 7. h3 Nc6 8. Nf3
Bd7 9. Nh4 Qa5 10. O-O Nd4 11. Bd1 g5 12. Nf3 Nc6 13. Nh2 O-O-O 14. a3 Be6 15.
Rb1 d5 16. exd5 Nxd5 17. Nxd5 Qxd2 18. Nxe7+ Nxe7 19. Bxd2 c4 20. Be2 Nc6 21.
Bc3 cxd3 22. cxd3 Nd4 23. Bd1 Rhg8 24. Ng4 Bf5 25. Rc1 Kb8 26. Re1 Bxd3 27. Re7
Bg6 28. Bxd4 Rxd4 29. Bf3 Rd3 30. Rxb7+ Ka8 31. Ne3 Rd4 32. Rb4+ Be4 33. Bxe4+
Rxe4 34. Rxe4 Bxb2 35. Rc2 f6 36. Ra4 a5 1-0

[Event "XIV Memorial Edoardo Crespi"]
[Site "Milano ITA"]
[Date "1993.12.??"]
[Round "2"]
[White "Marzano, Carlo"]
[Black "Cazzaniga, Walter"]
[WhiteElo "2235"]
[BlackElo "2013"]
[Result "1-0"]
[PlyCount "25"]
[EventDate "1993.12.06"]

1. d4 f5 2. e4 fxe4 3. Nc3 Nf6 4. g4 h6 5. f3 e6 6. fxe4 Bb4 7. Bd3 c5 8. e5
O-O 9. g5 cxd4 10. gxf6 dxc3 11. Qg4 cxb2+ 12. Ke2 Rxf6 13. Bxb2 1-0

[Event "XIV Memorial Edoardo Crespi"]
[Site "Milano ITA"]
[Date "1993.12.??"]
[Round "2"]
[White "Misiano, Franco"]
[Black "Tortarolo, Massimiliano"]
[WhiteElo "1900"]
[BlackElo "2250"]
[Result "0-1"]
[PlyCount "69"]
[EventDate "1993.12.06"]

1. e4 e5 2. f4 exf4 3. Nf3 g5 4. h4 g4 5. Ne5 Bg7 6. d4 d6 7. Nxg4 Bxg4 8. Qxg4
Bxd4 9. c3 Be5 10. Bxf4 Nd7 11. Nd2 Ngf6 12. Qf3 Rg8 13. g3 Qe7 14. O-O-O O-O-O
15. Bh3 Bxf4 16. gxf4 Kb8 17. Bf5 Nc5 18. h5 h6 19. Rhg1 a6 20. Kb1 Rde8 21.
Rge1 Nfd7 22. Nc4 Ne6 23. e5 dxe5 24. Na5 c6 25. Nxc6+ bxc6 26. Qxc6 Ndc5 27.
Re4 Rd8 28. Rb4+ Nb7 29. Rxd8+ Rxd8 30. Be4 Nec5 31. fxe5 Qd7 32. Qxd7 Rxd7 33.
Kc2 Nxe4 34. Rxe4 Re7 35. Rf4 0-1

[Event "XIV Memorial Edoardo Crespi"]
[Site "Milano ITA"]
[Date "1993.12.??"]
[Round "2"]
[White "Natalucci, Fabrizio"]
[Black "Gazzarri, Alberto"]
[WhiteElo "2270"]
[BlackElo "1984"]
[Result "1/2-1/2"]
[PlyCount "69"]
[EventDate "1993.12.06"]

1. d4 d5 2. g3 Nf6 3. Bg2 Bf5 4. Nf3 e6 5. O-O h6 6. c4 c6 7. Qb3 Qb6 8. Nfd2
Nbd7 9. Nc3 Qxb3 10. Nxb3 Be7 11. Na5 Bb4 12. Nxb7 Rb8 13. Nc5 Nxc5 14. dxc5
Bxc5 15. Bf4 Rb7 16. Rac1 Be7 17. cxd5 exd5 18. Na4 O-O 19. a3 Ne4 20. b4 g5
21. Be5 Nd2 22. Rfd1 Nb3 23. Rc3 f6 24. e4 dxe4 25. Rxb3 fxe5 26. Re3 Bg4 27.
Ra1 Bf3 28. Nc3 a5 29. Nxe4 Bxg2 30. Kxg2 axb4 31. Rb1 b3 32. Rexb3 Rxb3 33.
Rxb3 Ra8 34. Rb7 Kf8 35. Rb3 1/2-1/2

[Event "XIV Memorial Edoardo Crespi"]
[Site "Milano ITA"]
[Date "1993.12.??"]
[Round "2"]
[White "Rizzuti, Pasquale"]
[Black "Braunberger, Federico"]
[WhiteElo "1882"]
[BlackElo "2028"]
[Result "0-1"]
[PlyCount "107"]
[EventDate "1993.12.06"]

1. e4 e6 2. d4 d5 3. Nd2 c5 4. Ne2 Nc6 5. exd5 exd5 6. dxc5 Bxc5 7. Nb3 Bb6 8.
Ned4 Nge7 9. Be3 O-O 10. Be2 f5 11. Nxc6 bxc6 12. Bxb6 axb6 13. O-O c5 14. c3
Ra7 15. Re1 Rd7 16. Bb5 Rd6 17. a4 Ng6 18. a5 bxa5 19. Nxa5 f4 20. Qa4 Qg5 21.
Re8 Bh3 22. g3 fxg3 23. Rxf8+ Nxf8 24. hxg3 Qd2 25. Nb3 Qxb2 26. Nxc5 Qxc3 27.
Nd3 Bf5 28. Rc1 Qf6 29. Nc5 Qg5 30. Re1 Bg4 31. Bf1 Bf3 32. Qe8 Rd8 33. Qe3
Qxe3 34. Rxe3 Bh5 35. Bd3 Re8 36. Nb7 Rxe3 37. fxe3 Kf7 38. Kf2 Kf6 39. Nc5 Ke5
40. Nb3 h6 41. Nd4 Bg4 42. Nc6+ Kd6 43. Nd4 Ne6 44. Nf5+ Bxf5 45. Bxf5 Ng5 46.
Bc8 Ke5 47. Bd7 Ne4+ 48. Kg2 Nf6 49. Bc8 g5 50. Kf3 h5 51. Kf2 Ke4 52. Ke2 Ng4
53. Bxg4 hxg4 54. Kf2 0-1

[Event "XIV Memorial Edoardo Crespi"]
[Site "Milano ITA"]
[Date "1993.12.??"]
[Round "2"]
[White "Sbarra, Marco"]
[Black "Iudicello, Giovanni"]
[WhiteElo "2005"]
[BlackElo "2118"]
[Result "0-1"]
[PlyCount "162"]
[EventDate "1993.12.06"]

1. d4 Nf6 2. Nf3 g6 3. c4 Bg7 4. Nc3 O-O 5. e4 d6 6. Be2 e5 7. d5 a5 8. Bg5 h6
9. Bh4 Na6 10. Nd2 Bd7 11. O-O Qe7 12. a3 g5 13. Bg3 Nxe4 14. Ndxe4 f5 15. Nd2
f4 16. Bg4 fxg3 17. hxg3 Nc5 18. Bxd7 Nxd7 19. Nde4 Nf6 20. b4 b6 21. Qe2 Qf7
22. Rfd1 Rfd8 23. Nxf6+ Bxf6 24. Ne4 Bg7 25. g4 Ra7 26. Ng3 axb4 27. axb4 Rda8
28. Rxa7 Rxa7 29. Ne4 Bf8 30. Nc3 Qd7 31. Qe4 Kg7 32. Ne2 Qf7 33. Ng3 Kg8 34.
Nf5 Ra4 35. Rb1 Qe8 36. Rb3 Qf7 37. Ng3 Qh7 38. Qxh7+ Kxh7 39. Kf1 Ra1+ 40. Ke2
Rc1 41. Kd3 Rd1+ 42. Kc2 Rd4 43. Rf3 Kg8 44. Kb3 Rxg4 45. Nh5 Bg7 46. g3 Rd4
47. Re3 Rd2 48. Rf3 e4 49. Re3 Rxf2 50. Rxe4 Kf7 51. Nxg7 Kxg7 52. Ka4 h5 53.
Kb5 Rf3 54. Kc6 Rxg3 55. Kxc7 Rg4 56. Re7+ Kf6 57. Re6+ Kf5 58. Kxb6 Rxc4 59.
Rxd6 Rxb4+ 60. Kc5 Rb1 61. Rh6 Rc1+ 62. Kd4 h4 63. Ke3 Rd1 64. d6 Kg4 65. Ke2
Rd5 66. Kf1 Kg3 67. Rh5 Kg4 68. Rh6 Kf3 69. Kg1 Kg3 70. Kf1 g4 71. Re6 h3 72.
Re3+ Kf4 73. Ra3 Rxd6 74. Ra4+ Kf3 75. Ra3+ Ke4 76. Kg1 Rd3 77. Ra8 Kf3 78. Kh2
Rd2+ 79. Kg1 Re2 80. Ra7 Re1+ 81. Kh2 g3+ 0-1

[Event "XIV Memorial Edoardo Crespi"]
[Site "Milano ITA"]
[Date "1993.12.??"]
[Round "2"]
[White "Zanetti, Alberto"]
[Black "Lanzani, Mario"]
[WhiteElo "2082"]
[BlackElo "2280"]
[Result "0-1"]
[PlyCount "96"]
[EventDate "1993.12.06"]

1. Nf3 Nf6 2. g3 b6 3. Bg2 Bb7 4. O-O e6 5. c4 c5 6. Nc3 Be7 7. d4 cxd4 8. Nxd4
Bxg2 9. Kxg2 Qc8 10. Qd3 Nc6 11. f4 Nxd4 12. Qxd4 Qc6+ 13. e4 Bb4 14. Re1 Rc8
15. b3 Bxc3 16. Qxc3 Nxe4 17. Qf3 Nc5 18. Ba3 d6 19. Rad1 Qxf3+ 20. Kxf3 Ke7
21. Rd2 Rhd8 22. g4 a6 23. Bb2 f6 24. h4 b5 25. cxb5 axb5 26. Ba3 Ra8 27. Bb4
Na6 28. Ba5 Rdc8 29. h5 Rc6 30. f5 e5 31. h6 g5 32. fxg6 hxg6 33. Rh1 Ke6 34.
h7 Rh8 35. g5 fxg5 36. Rg2 Kf6 37. Ke4 Nc7 38. Rf2+ Ke7 39. Rh6 Ne6 40. Bd2 Nf4
41. Bxf4 gxf4 42. Rg2 f3 43. Rgxg6 f2 44. Re6+ Kd7 45. Ref6 f1=Q 46. Rxf1 d5+
47. Kxd5 Rxh6 48. Rf7+ Kc8 0-1

[Event "XIV Memorial Edoardo Crespi"]
[Site "Milano ITA"]
[Date "1993.12.??"]
[Round "3"]
[White "Braunberger, Federico"]
[Black "Natalucci, Fabrizio"]
[WhiteElo "2028"]
[BlackElo "2270"]
[Result "0-1"]
[PlyCount "72"]
[EventDate "1993.12.06"]

1. c4 Nf6 2. Nc3 e6 3. e4 c5 4. Nf3 Nc6 5. Bd3 Qc7 6. O-O a6 7. b3 Ng4 8. h3 h5
9. Re1 Nd4 10. g3 Ne5 11. Nxe5 Qxe5 12. f4 Qb8 13. e5 h4 14. g4 d6 15. Be4 dxe5
16. fxe5 Bd7 17. Bg2 Be7 18. d3 Bc6 19. Bxc6+ Nxc6 20. Bf4 f6 21. Qe2 fxe5 22.
Bd2 Nd4 23. Qe4 Nc2 24. Qg6+ Kd7 25. Nd5 exd5 26. Qf5+ Kc6 27. cxd5+ Kb6 28.
Rxe5 Nxa1 29. Bf4 Qf8 30. Qe6+ Ka7 31. Rf5 Qd8 32. d6 Bf6 33. b4 Bd4+ 34. Kh2
Rf8 35. bxc5 Rxf5 36. Qxf5 Bxc5 0-1

[Event "XIV Memorial Edoardo Crespi"]
[Site "Milano ITA"]
[Date "1993.12.??"]
[Round "3"]
[White "Capece, Adolivio"]
[Black "Rizzuti, Pasquale"]
[WhiteElo "2205"]
[BlackElo "1882"]
[Result "0-1"]
[PlyCount "141"]
[EventDate "1993.12.06"]

1. c4 Nf6 2. Nc3 d5 3. cxd5 Nxd5 4. g3 g6 5. Bg2 Nxc3 6. bxc3 Bg7 7. Nf3 O-O 8.
O-O Nc6 9. d4 Rb8 10. Bf4 b6 11. e4 Bb7 12. Qc1 Re8 13. Bh6 Bh8 14. Ng5 e6 15.
e5 f6 16. exf6 Bxf6 17. Re1 e5 18. Qd2 Na5 19. Bxb7 Nxb7 20. a4 Qd5 21. Ne4 Bg7
22. Qg5 Re6 23. Rad1 Qd8 24. Bxg7 Kxg7 25. Qg4 Qe8 26. d5 Re7 27. Qh4 Nc5 28.
d6 cxd6 29. Qf6+ Kg8 30. Nxd6 Qf8 31. Qg5 Re6 32. Ne4 Nxe4 33. Rxe4 Rbe8 34.
Rd7 Qf5 35. Qh4 g5 36. Rg4 h6 37. Rd2 Kh7 38. Qh5 Qg6 39. Rd7+ R8e7 40. Rxe7+
Rxe7 41. Qxg6+ Kxg6 42. Re4 Kf5 43. f3 h5 44. h3 Rc7 45. g4+ hxg4 46. hxg4+ Kf6
47. a5 b5 48. Re3 Rc4 49. Rd3 Ke6 50. Rd8 Rxc3 51. Rb8 Rxf3 52. Rxb5 Rg3+ 53.
Kf2 Rxg4 54. Rb7 a6 55. Rb6+ Kf5 56. Rxa6 Ra4 57. Ra8 e4 58. a6 Ra2+ 59. Ke3
Ra3+ 60. Ke2 Kf4 61. Rf8+ Kg3 62. Ra8 g4 63. a7 e3 64. Kf1 Ra2 65. Re8 Ra1+ 66.
Ke2 Rxa7 67. Kxe3 Rf7 68. Re6 Kg2 69. Rg6 g3 70. Rg8 Kh2 71. Rg7 0-1

[Event "XIV Memorial Edoardo Crespi"]
[Site "Milano ITA"]
[Date "1993.12.??"]
[Round "3"]
[White "Cazzaniga, Walter"]
[Black "Misiano, Franco"]
[WhiteElo "2013"]
[BlackElo "1900"]
[Result "1/2-1/2"]
[PlyCount "24"]
[EventDate "1993.12.06"]

1. e4 e6 2. d4 d5 3. Nc3 Bb4 4. Qd3 dxe4 5. Qxe4 Nf6 6. Qh4 Qd5 7. Bd2 Bxc3 8.
Bxc3 Qe4+ 9. Qxe4 Nxe4 10. Bb4 Nc6 11. Bb5 Bd7 12. Ba3 Nd6 1/2-1/2

[Event "XIV Memorial Edoardo Crespi"]
[Site "Milano ITA"]
[Date "1993.12.??"]
[Round "3"]
[White "Iudicello, Giovanni"]
[Black "D'Apa, Stefano"]
[WhiteElo "2118"]
[BlackElo "2225"]
[Result "1-0"]
[PlyCount "139"]
[EventDate "1993.12.06"]

1. e4 e6 2. Qe2 Be7 3. f4 d5 4. e5 c5 5. Nf3 Nc6 6. g3 Nh6 7. Bg2 Nf5 8. d3 Bd7
9. c3 b5 10. O-O h5 11. Nbd2 g6 12. Rd1 Rb8 13. Nf1 b4 14. Ne3 Nxe3 15. Bxe3
bxc3 16. bxc3 Qa5 17. Qc2 O-O 18. Rdb1 Qa6 19. Bf1 Rb6 20. h3 Rfb8 21. d4 Qb7
22. Rxb6 Qxb6 23. Qf2 c4 24. Bc1 Qa5 25. Qd2 a6 26. g4 hxg4 27. hxg4 Na7 28.
Bh3 Qb6 29. Qc2 Kg7 30. f5 exf5 31. gxf5 Bxf5 32. Bxf5 gxf5 33. Qxf5 Qg6+ 34.
Qxg6+ Kxg6 35. Kf2 Kf5 36. Ke3 Nc6 37. Ke2 f6 38. exf6 Bxf6 39. Ba3 Re8+ 40.
Kf2 Re4 41. Rb1 Re6 42. Rb7 Ke4 43. Ke2 Kf4+ 44. Kf2 Ke4 45. Ke2 Nxd4+ 46. cxd4
c3 47. Rc7 Kf4+ 48. Kf2 Ke4 49. Rxc3 Bxd4+ 50. Nxd4 Kxd4 51. Bb2 Ke4 52. Re3+
Kf5 53. Rd3 Rd6 54. Ke3 Ke6 55. Kd4 Rb6 56. Ba3 Rb5 57. Re3+ Kd7 58. Re7+ Kc6
59. Re6+ Kb7 60. Bc5 Rb2 61. a3 Rb1 62. Kxd5 Rd1+ 63. Bd4 Rb1 64. Re7+ Kb8 65.
Kc6 Ka8 66. Ra7+ Kb8 67. Rxa6 Rc1+ 68. Bc5 Rc2 69. Ra4 Rc1 70. Rc4 1-0

[Event "XIV Memorial Edoardo Crespi"]
[Site "Milano ITA"]
[Date "1993.12.??"]
[Round "3"]
[White "Iudicello, Marco"]
[Black "Zanetti, Alberto"]
[WhiteElo "2025"]
[BlackElo "2082"]
[Result "1-0"]
[PlyCount "135"]
[EventDate "1993.12.06"]

1. e4 d6 2. Nc3 g6 3. d3 Bg7 4. Be3 c5 5. Qd2 Nc6 6. g3 e6 7. Bg2 Rb8 8. Nf3
Nd4 9. Nd1 Ne7 10. c3 Nxf3+ 11. Bxf3 b6 12. Bh6 O-O 13. h4 f6 14. Bxg7 Kxg7 15.
Ne3 b5 16. Ng4 Ng8 17. Kf1 Bb7 18. Kg2 Qe7 19. Ne3 Bc6 20. d4 Ba8 21. d5 f5 22.
exf5 exf5 23. b4 f4 24. Ng4 h5 25. Nh2 Nh6 26. Rhe1 Qf7 27. Re6 fxg3 28. fxg3
Nf5 29. Rf1 Rbe8 30. Rfe1 Kh7 31. Qe2 Ng7 32. Re7 Rxe7 33. Qxe7 cxb4 34. cxb4
Bxd5 35. Qxf7 Bxf7 36. Re7 Bxa2 37. Rxa7 Bc4 38. Rd7 Rf6 39. Bc6 Kg8 40. g4 Ne6
41. g5 Nf4+ 42. Kf3 Rf8 43. Rxd6 Nd3+ 44. Ke3 Ne5 45. Be4 Bf7 46. Kd4 Re8 47.
Rb6 Bc4 48. Bxg6 Nxg6 49. Rxg6+ Kf7 50. Rf6+ Kg7 51. Nf3 Rd8+ 52. Kc5 Rd5+ 53.
Kb6 Be2 54. Ne1 Rd4 55. Ng2 Rxb4 56. Nf4 Bg4 57. Kc5 Rb1 58. Rb6 Rh1 59. Rb7+
Kg8 60. g6 Rg1 61. Nd5 Be6 62. Nf6+ Kf8 63. Kd6 Bc4 64. Nh7+ Kg8 65. Ng5 Rg4
66. Ke5 Rxh4 67. Ne4 Rh1 68. Nf6+ 1-0

[Event "XIV Memorial Edoardo Crespi"]
[Site "Milano ITA"]
[Date "1993.12.??"]
[Round "3"]
[White "Iudicello, Massimo"]
[Black "Marzano, Carlo"]
[WhiteElo "1943"]
[BlackElo "2235"]
[Result "0-1"]
[PlyCount "52"]
[EventDate "1993.12.06"]

1. e4 d6 2. d4 g6 3. Nf3 Bg7 4. Be2 Nf6 5. Nc3 O-O 6. h3 Nc6 7. Be3 e5 8. d5
Ne7 9. Qd2 Nxe4 10. Nxe4 f5 11. Bh6 fxe4 12. Bxg7 Kxg7 13. Nh2 Nf5 14. O-O-O e3
15. fxe3 Ng3 16. Rhg1 Rf2 17. Rde1 Qg5 18. Ng4 Rxe2 19. Rxe2 Bxg4 20. hxg4
Nxe2+ 21. Qxe2 Rf8 22. Rh1 e4 23. Kd1 Qxd5+ 24. Ke1 Qxa2 25. Rh3 Qxb2 26. Qd1
Qc3+ 0-1

[Event "XIV Memorial Edoardo Crespi"]
[Site "Milano ITA"]
[Date "1993.12.??"]
[Round "3"]
[White "Radovanovic, Jovica"]
[Black "Gazzarri, Alberto"]
[WhiteElo "2230"]
[BlackElo "1984"]
[Result "1/2-1/2"]
[PlyCount "52"]
[EventDate "1993.12.06"]

1. e4 e5 2. Nf3 Nc6 3. Bb5 f5 4. Nc3 fxe4 5. Nxe4 d5 6. Nxe5 dxe4 7. Nxc6 Qg5
8. Qe2 Nf6 9. f4 Qxf4 10. d4 Qd6 11. Ne5+ c6 12. Bc4 Be6 13. Bf4 Bxc4 14. Qxc4
Qd5 15. O-O-O Bd6 16. Qb3 Qxb3 17. axb3 O-O 18. Rde1 Rae8 19. Bg3 Re6 20. c3
Rfe8 21. b4 b6 22. Kb1 c5 23. b5 cxd4 24. cxd4 Nh5 25. Rxe4 Nxg3 26. hxg3 Bxe5
1/2-1/2

[Event "XIV Memorial Edoardo Crespi"]
[Site "Milano ITA"]
[Date "1993.12.??"]
[Round "3"]
[White "Tortarolo, Massimiliano"]
[Black "Cappello, Guido"]
[WhiteElo "2250"]
[BlackElo "2285"]
[Result "1-0"]
[PlyCount "50"]
[EventDate "1993.12.06"]

1. e4 e5 2. Nf3 Nc6 3. Bc4 Nf6 4. d3 d5 5. exd5 Nxd5 6. O-O Bg4 7. Re1 Bc5 8.
d4 Nxd4 9. Rxe5+ Ne7 10. Be2 Ne6 11. Qxd8+ Rxd8 12. Be3 Bd6 13. Rb5 b6 14. Nbd2
c6 15. Rb3 O-O 16. Kf1 Nd5 17. Nc4 Bc7 18. Nce5 Bxe5 19. Nxe5 Bxe2+ 20. Kxe2
Nxe3 21. fxe3 Rfe8 22. Rd3 Rxd3 23. cxd3 c5 24. Kd2 Rd8 25. Kc2 f6 1-0